La pintura americana de los siglos XVIII, XIX y XX (Record no. 269)
[ view plain ]
| 000 -LEADER | |
|---|---|
| campo de control de longitud fija | 00398 a2200121 4500 |
| 082 ## - NÚMERO DE LA CLASIFICACIÓN DECIMAL DEWEY | |
| Número de clasificación | 759.97 |
| Número de ítem | IN59p |
| 110 ## - ENTRADA PRINCIPAL--NOMBRE DE ENTIDAD CORPORATIVA | |
| Nombre de entidad corporativa o nombre de jurisdicción como elemento de entrada | Instituto de Arte de Chicago |
| 9 (RLIN) | 1233 |
| 245 ## - MENCIÓN DEL TÍTULO | |
| Título | La pintura americana de los siglos XVIII, XIX y XX |
| 260 ## - PUBLICACIÓN, DISTRIBUCIÓN, ETC. | |
| Lugar de publicación, distribución, etc. | Madrid |
| Nombre del editor, distribuidor, etc. | Editorial Codex S. A. |
| Fecha de publicación, distribución, etc. | 1967 |
| 300 ## - DESCRIPCIÓN FÍSICA | |
| Extensión | 82 p |
| Otras características físicas | ill (col) |
| Dimensiones | 31 cm |
| 650 ## - PUNTO DE ACCESO ADICIONAL DE MATERIA--TÉRMINO DE MATERIA | |
| Término de materia o nombre geográfico como elemento de entrada | pintura americana |
| Subdivisión cronológica | s. XVIII/XIX/XX |
| 9 (RLIN) | 1234 |
| 710 ## - ENTRADA AGREGADA--NOMBRE DE ENTIDAD CORPORATIVA | |
| Nombre de entidad corporativa o nombre de jurisdicción como elemento de entrada | Instituto de Arte de Chicago |
| 9 (RLIN) | 1235 |
| Estatus retirado | Estado de pérdida | Fuente del sistema de clasificación o colocación | Estado de daño | No para préstamo | Biblioteca de origen | Biblioteca actual | Ubicación en estantería | Fecha de adquisición | Total de préstamos | Signatura topográfica completa | Código de barras | Visto por última vez | Precio de reemplazo | Tipo de ítem Koha |
|---|---|---|---|---|---|---|---|---|---|---|---|---|---|---|
| Clasificación Decimal Dewey | Biblioteca LadoV | Biblioteca LadoV | 11/07/2014 | 759.97 IN59p | 000261 | 11/07/2014 | 11/07/2014 | Material 01 |
